| 000 | 00756nam a2200241 a 4500 | ||
|---|---|---|---|
| 001 | 000021650 | ||
| 005 | 20200930011409.0 | ||
| 008 | 100909s1990 sp r 000 f spa d | ||
| 020 | _a8432246387 | ||
| 040 |
_aDO-SdBNP _bspa _cBNPHU |
||
| 082 |
_a863.64 _bA385L |
||
| 100 | 1 |
_aAlfau, Felipe _945044 |
|
| 240 | 1 | 0 |
_aLocos. A comedy of gestures _lespañol |
| 245 | 1 | 0 |
_aLocos : _buna comedia de gestos / _cFelipe Alfau; traducción de Javier Fernández de Castro. |
| 260 |
_aBarcelona : _bSeix Barral, _c1990. |
||
| 300 |
_a196 p. ; _c21 cm. |
||
| 490 | 1 | _aSeix Barral | |
| 650 | 4 |
_aNovela española _91123 |
|
| 650 | 4 |
_aLiteratura española _9632 |
|
| 700 | 1 |
_aFernández de Castro, Javier _etr. _945045 |
|
| 830 | 0 |
_aSeix Barral _945046 |
|
| 049 | _aBNGR | ||
| 999 |
_c21149 _d21149 |
||